<?xml version="1.0" encoding="UTF-8"?>
<record
    xmlns:xsi="http://www.w3.org/2001/XMLSchema-instance"
    xsi:schemaLocation="http://www.loc.gov/MARC21/slim http://www.loc.gov/standards/marcxml/schema/MARC21slim.xsd"
    xmlns="http://www.loc.gov/MARC21/slim">

  <leader>01868nam a2200349 i 4500</leader>
  <controlfield tag="001">000000046</controlfield>
  <controlfield tag="003">DO-SdBNP</controlfield>
  <controlfield tag="005">20260321073647.0</controlfield>
  <controlfield tag="006">a||||gr|||| 00| 0 </controlfield>
  <controlfield tag="007">ta</controlfield>
  <controlfield tag="008">260413e1985    dr            000 0 spa d</controlfield>
  <datafield tag="040" ind1=" " ind2=" ">
    <subfield code="a">DO-SdBNP</subfield>
    <subfield code="b">spa</subfield>
    <subfield code="c">BNPHU</subfield>
    <subfield code="e">rda</subfield>
  </datafield>
  <datafield tag="041" ind1=" " ind2=" ">
    <subfield code="a">spa</subfield>
  </datafield>
  <datafield tag="082" ind1=" " ind2="4">
    <subfield code="a">972.93</subfield>
    <subfield code="b">B742a, 1985</subfield>
    <subfield code="2">22</subfield>
  </datafield>
  <datafield tag="100" ind1="1" ind2=" ">
    <subfield code="a"> Bosch, Juan, </subfield>
    <subfield code="d">1909-2001</subfield>
    <subfield code="e">autor</subfield>
    <subfield code="9">76555</subfield>
  </datafield>
  <datafield tag="245" ind1="1" ind2="0">
    <subfield code="a">Art&#xED;culos y conferencias /</subfield>
    <subfield code="c">Juan Bosch.</subfield>
  </datafield>
  <datafield tag="250" ind1=" " ind2=" ">
    <subfield code="a">Tercera edici&#xF3;n</subfield>
  </datafield>
  <datafield tag="264" ind1=" " ind2="1">
    <subfield code="a">Santo Domingo :</subfield>
    <subfield code="b">Editora Corripio,</subfield>
    <subfield code="c">1985</subfield>
  </datafield>
  <datafield tag="300" ind1=" " ind2=" ">
    <subfield code="a">253 p&#xE1;ginas ;</subfield>
    <subfield code="c">21 cm.</subfield>
  </datafield>
  <datafield tag="336" ind1=" " ind2=" ">
    <subfield code="2">rdacontent</subfield>
    <subfield code="a">texto</subfield>
    <subfield code="b">txt</subfield>
  </datafield>
  <datafield tag="337" ind1=" " ind2=" ">
    <subfield code="2">rdamedia</subfield>
    <subfield code="a">sin mediaci&#xF3;n</subfield>
    <subfield code="b">n</subfield>
  </datafield>
  <datafield tag="338" ind1=" " ind2=" ">
    <subfield code="2">rdacarrier</subfield>
    <subfield code="a">volumen</subfield>
    <subfield code="b">nc</subfield>
  </datafield>
  <datafield tag="505" ind1="0" ind2=" ">
    <subfield code="a">Tres conferencias sobre la inflaci&#xF3;n.</subfield>
    <subfield code="t">Datos para la historia del az&#xFA;car en la Rep&#xFA;blica Dominicana --</subfield>
    <subfield code="t">Mon C&#xE1;ceres, el tiranicida -- </subfield>
    <subfield code="g">DE LITERATURA OPINIONES SOBRE DOS NOVELAS DE GABRIEL GARCIA MARQUEZ Y UNA DE MIGUEL OTERO SILVA.</subfield>
    <subfield code="t">Cien a&#xF1;os de soledad -- </subfield>
    <subfield code="t">Cartas al autor de "la incre&#xED;ble y triste historia de la C&#xE1;ndida Erendira y su abuela Desalmada" --</subfield>
    <subfield code="t">Palabras en torno a Casas Muertas -- </subfield>
    <subfield code="t">Garc&#xED;a Godoy y su obra -- </subfield>
    <subfield code="g">ARTICULOS POLITICOS.</subfield>
    <subfield code="t">Las panteras negras: un caso de sociolog&#xED;a pol&#xED;tica -- </subfield>
    <subfield code="t">El PRD y la lucha de clases -- </subfield>
    <subfield code="g">POLEMICA Y ACLARACION.</subfield>
    <subfield code="t">Pr&#xF3;logo indispensable a una breve historia de la oligarqu&#xED;a --
</subfield>
    <subfield code="t">Una aclaraci&#xF3;n necesaria.</subfield>
  </datafield>
  <datafield tag="590" ind1=" " ind2=" ">
    <subfield code="a">Inventariado 2026/DG</subfield>
  </datafield>
  <datafield tag="600" ind1="1" ind2="0">
    <subfield code="a">C&#xE1;ceres, Ram&#xF3;n,</subfield>
    <subfield code="d">1866-1911</subfield>
    <subfield code="9">196</subfield>
  </datafield>
  <datafield tag="650" ind1=" " ind2="7">
    <subfield code="a">Inflaci&#xF3;n</subfield>
    <subfield code="v">Ensayos, conferencias, etc.</subfield>
    <subfield code="9">201</subfield>
    <subfield code="2">LEMB</subfield>
  </datafield>
  <datafield tag="650" ind1=" " ind2="0">
    <subfield code="a">Industria azucarera</subfield>
    <subfield code="z">Rep&#xFA;blica Dominicana</subfield>
    <subfield code="x">Historia</subfield>
    <subfield code="v">Ensayos, conferencias, etc.</subfield>
    <subfield code="9">7298</subfield>
  </datafield>
  <datafield tag="650" ind1=" " ind2="4">
    <subfield code="a">Literatura latinoamericana</subfield>
    <subfield code="y">Siglo XX</subfield>
    <subfield code="v">Ensayos, conferencias, etc.</subfield>
    <subfield code="9">199</subfield>
  </datafield>
  <datafield tag="651" ind1=" " ind2="4">
    <subfield code="a">Rep&#xFA;blica Dominicana</subfield>
    <subfield code="x">Pol&#xED;tica y gobierno</subfield>
    <subfield code="z">1961-</subfield>
    <subfield code="v">Ensayos, conferencias, etc.</subfield>
    <subfield code="9">200</subfield>
  </datafield>
  <datafield tag="910" ind1=" " ind2=" ">
    <subfield code="a">DG</subfield>
  </datafield>
  <datafield tag="942" ind1=" " ind2=" ">
    <subfield code="2">ddc</subfield>
    <subfield code="c">LBS1</subfield>
  </datafield>
  <datafield tag="952" ind1=" " ind2=" ">
    <subfield code="0">0</subfield>
    <subfield code="1">0</subfield>
    <subfield code="2">ddc</subfield>
    <subfield code="5">1</subfield>
    <subfield code="7">0</subfield>
    <subfield code="8">PD</subfield>
    <subfield code="a">BNPHU</subfield>
    <subfield code="b">BNPHU</subfield>
    <subfield code="c">CT</subfield>
    <subfield code="d">2026-03-13</subfield>
    <subfield code="e">Donaci&#xF3;n</subfield>
    <subfield code="l">0</subfield>
    <subfield code="o">BNPHU PD 972.93 B742a, 1985</subfield>
    <subfield code="p">2026-2148</subfield>
    <subfield code="r">2026-03-13</subfield>
    <subfield code="w">2026-03-13</subfield>
    <subfield code="y">LBS1</subfield>
    <subfield code="z">Ilonka Nacidit Perdomo</subfield>
  </datafield>
  <datafield tag="999" ind1=" " ind2=" ">
    <subfield code="c">60502</subfield>
    <subfield code="d">60502</subfield>
  </datafield>
</record>
